The fixer / (Record no. 20995)
[ view plain ]
| 000 -LEADER | |
|---|---|
| fixed length control field | 00956cam a2200313 a 4500 |
| 001 - CONTROL NUMBER | |
| control field | 20995 |
| 003 - CONTROL NUMBER IDENTIFIER | |
| rucl marc code | BD-RjUL |
| 005 - DATE AND TIME OF LATEST TRANSACTION | |
| control field | 20211209000633.0 |
| 008 - FIXED-LENGTH DATA ELEMENTS--GENERAL INFORMATION | |
| fixed length control field | 140303s1966 nyu 000 0 eng |
| 035 ## - SYSTEM CONTROL NUMBER | |
| System control number | (BD-RjUL)21057 |
| 040 ## - CATALOGING SOURCE | |
| Original cataloging agency | DLC |
| Transcribing agency | DLC |
| Modifying agency | DLC |
| -- | BD-RjUL |
| Language of cataloging | eng |
| 041 ## - LANGUAGE CODE | |
| Language code of text/sound track or separate title | eng |
| 082 00 - DEWEY DECIMAL CLASSIFICATION NUMBER | |
| Classification number | 813.54 |
| Edition number | 20 |
| Author mark and year | MAF 1966 |
| 100 1# - MAIN ENTRY--PERSONAL NAME | |
| Personal name | Malamud, Bernard. |
| 9 (RLIN) | 51352 |
| 245 14 - TITLE STATEMENT | |
| Title | The fixer / |
| Statement of responsibility, etc. | Bernard Malamud. |
| 260 ## - PUBLICATION, DISTRIBUTION, ETC. (IMPRINT) | |
| Place of publication, distribution, etc. | New York : |
| Name of publisher, distributor, etc. | Farrar, Straus and Giroux, |
| Date of publication, distribution, etc. | c1966. |
| 300 ## - PHYSICAL DESCRIPTION | |
| Pagination | 335 p. ; |
| Size | 21 cm. |
| 650 #0 - SUBJECT ADDED ENTRY--TOPICAL TERM | |
| Topical term or geographic name as entry element | Jews |
| Geographic subdivision | Ukraine |
| Form subdivision | Fiction. |
| 9 (RLIN) | 64861 |
| Topical term or geographic name as entry element | Trials (Murder) |
| Form subdivision | Fiction. |
| 9 (RLIN) | 64862 |
| Topical term or geographic name as entry element | False testimony |
| Form subdivision | Fiction. |
| 9 (RLIN) | 64863 |
| Topical term or geographic name as entry element | Antisemitism |
| Form subdivision | Fiction. |
| 9 (RLIN) | 64864 |
| 651 #0 - SUBJECT ADDED ENTRY--GEOGRAPHIC NAME | |
| Geographic name | Kiev (Ukraine) |
| Form subdivision | Fiction. |
| 9 (RLIN) | 64865 |
| 942 ## - ADDED ENTRY ELEMENTS (KOHA) | |
| Source of classification or shelving scheme | Dewey Decimal Classification |
| Koha item type | Books |
| Lost status | Source of classification or shelving scheme | Damaged status | Not for loan | Collection code | Permanent Location | Current Location | Shelving location | Date acquired | Source of acquisition | Total Checkouts | Full call number | Date last seen | Copy number | Koha item type |
|---|---|---|---|---|---|---|---|---|---|---|---|---|---|---|
| Dewey Decimal Classification | Added to bundle | Fiction | Central Library, University of Rajshahi | Central Library, University of Rajshahi | Reading Room | 29/04/1967 | U. J. A. | 813.54 MAF 1966 | 03/03/2014 | C-1 | Books |